| Tag |
First Indicator |
Second Indicator |
Subfields |
| LEADER |
00000cam a2200000 4500 |
| 001 |
in00001928343 |
| 006 |
m | d | |
| 007 |
cr |n||||||||n |
| 008 |
820210s1740 enk|||| s 00||||eng d |
| 005 |
20260406213845.7 |
| 035 |
|
|
|a (CStRLIN)ESTCT135521
|
| 040 |
|
|
|a Uk-ES
|c Uk-ES
|d Cu-RivES
|d CStRLIN
|d Thomson Gale
|d UtOrBLW
|
| 100 |
1 |
|
|a Brossard, Sébastien de,
|d 1655-1730.
|
| 240 |
1 |
0 |
|a Dictionnaire de musique.
|l English
|
| 245 |
1 |
2 |
|a A musical dictionary :
|b being a collection of terms and characters, as well ancient as modern; including the historical, theoretical, and practical parts of music: ... The whole carefully abstracted from the best authors ... By James Grassineau, Gent.
|
| 264 |
|
3 |
|a London :
|b printed [by C. Jephson] for J. Wilcox,
|c 1740.
|
| 300 |
|
|
|a xii, 347, 1 unnumbered page, plates :
|b music,engr.music ;
|c 8⁰.
|
| 336 |
|
|
|a text
|b txt
|2 rdacontent
|
| 337 |
|
|
|a computer
|b c
|2 rdamedia
|
| 338 |
|
|
|a online resource
|b cr
|2 rdacarrier
|
| 500 |
|
|
|a In fact a translation of the 'Dictionnaire de musique' by Sébastien de Brossard.
|
| 500 |
|
|
|a Printer's name from colophon.
|
| 500 |
|
|
|a With a half-title.
|
| 500 |
|
|
|a In this issue, the first word of the title is over the "d" of "dictionary", and the "J" in the imprint is above the "rc" of "Church" in the address.
|
| 500 |
|
|
|a Reproduction of original from the British Library.
|
| 510 |
4 |
|
|a English Short Title Catalog,
|c ESTCT135521.
|
| 533 |
|
|
|a Electronic reproduction.
|b Farmington Hills, Mich. :
|c Thomson Gale,
|d 2003.
|n Available via the World Wide Web.
|n Access limited by licensing agreements
|7 s2003 miunns
|
| 500 |
|
|
|a Electronic resource.
|
| 700 |
1 |
|
|a Grassineau, James,
|d 1715-1769.
|
| 830 |
|
0 |
|a Eighteenth century collections online.
|
| 856 |
4 |
0 |
|u http://proxy.library.tamu.edu/login?url=https://galenet.galegroup.com/servlet/ECCO?c=1&stp=Author&ste=11&af=BN&ae=T135521&tiPG=1&dd=0&dc=flc&docNum=CW116767097&vrsn=1.0&srchtp=a&d4=0.33&n=10&SU=0LRK&locID=txshracd2898
|z Full text online
|t 0
|
| 999 |
|
|
|a MARS
|
| 999 |
f |
f |
|s d3992ceb-e1c0-35b8-a182-88b2249f422d
|i 09a73395-7343-33a6-bda9-69e5f0913a1b
|t 0
|
| 952 |
f |
f |
|a Texas A&M University
|b College Station
|c Electronic Resources
|s www_evans
|d Available Online
|t 0
|h No information provided
|
| 998 |
f |
f |
|t 0
|l Available Online
|